000 00507nam a2200217Ia 4500
003 0100
008 130303s9999 xx 000 0 und d
040 _cARRUPELIB
050 _aB316.T6
100 _aPlato
245 4 _aThe last days of Socrates
245 _bEuthyphro, The Apology, Crito, Phaedo
260 _aMaryland
260 _bPenguin Books
260 _C1954
300 _a199p.
300 _b 18cm.
440 _aPenguin Classics
700 _aTredennick, Hugh (tr.)
942 0 0 _02
999 _c53214
_d53214